书目信息 |
| 题名: |
非线性偏微分复方程
|
|
| 作者: | 闻国椿 著 | |
| 分册: | ||
| 出版信息: | 北京 科学出版社 1999.06 |
|
| 页数: | 335页 | |
| 开本: | 32开 | |
| 丛书名: | ||
| 单 册: | ||
| 中图分类: | O175.29 | |
| 科图分类: | ||
| 主题词: | 数学分析 | |
| 电子资源: | ||
| ISBN: | 7-03-007199-9 | |
| 000 | 00557nam0 2200193 45 | |
| 001 | 1009050730 | |
| 005 | 20100905070929.3 | |
| 010 | @a7-03-007199-9@d21.00元 | |
| 100 | @a20100905d1999 km y0chiy0120 ea | |
| 101 | 0 | @achi |
| 105 | @a z 000yy | |
| 200 | 1 | @a非线性偏微分复方程@AFei Xian Xing Pian Wei Fen Fu Fang Cheng@f闻国椿著@FWen Guo Chun Zhu |
| 210 | @a北京@c科学出版社@d1999.06 | |
| 215 | @a335页@d32开 | |
| 606 | 0 | @a数学分析 |
| 690 | @aO175.29@v3 | |
| 701 | 0 | @a闻国椿@4著 |
| 801 | @aCN@bPftUser@c20100905 | |
| 905 | @b122169-173@dO175.29@eW111@f5 | |
| 非线性偏微分复方程/闻国椿著.-北京:科学出版社,1999.06 |
| 335页;32开 |
| ISBN 7-03-007199-9:21.00元 |
| ● |
| 相关链接 |
|
|
|
正题名:非线性偏微分复方程
索取号:O175.29/W111
 
预约/预借
| 序号 | 登录号 | 条形码 | 馆藏地/架位号 | 状态 | 备注 |
| 1 | 122169 | 201221695 | 自科二线504/504自科库 48排2列5层/ [索取号:O175.29/W111] | 在馆 | |
| 2 | 122170 | 201221702 | 自科二线504/504自科库 48排2列5层/ [索取号:O175.29/W111] | 在馆 | |
| 3 | 122171 | 201221711 | 自科二线504/504自科库 48排2列5层/ [索取号:O175.29/W111] | 在馆 | |
| 4 | 122172 | 201221720 | 自科二线504/504自科库 48排2列5层/ [索取号:O175.29/W111] | 在馆 | |
| 5 | 122173 | 201221739 | 自科二线504/504自科库 48排2列5层/ [索取号:O175.29/W111] | 在馆 |